Minister's service book for pulpit and parish. (Record no. 8734)

000 -LEADER
fixed length control field 00710nam a2200205 a 4500
001 - CONTROL NUMBER
control field :::00006512$&:&@@
003 - CONTROL NUMBER IDENTIFIER
control field OkBaRHE
005 - DATE AND TIME OF LATEST TRANSACTION
control field 20000607103331.0
008 - FIXED-LENGTH DATA ELEMENTS--GENERAL INFORMATION
fixed length control field s1987 j 000 0 eng u
040 ## - CATALOGING SOURCE
Transcribing agency
100 1# - MAIN ENTRY--PERSONAL NAME
Personal name McNeil, Jesse Jai.
245 10 - TITLE STATEMENT
Title Minister's service book for pulpit and parish.
260 ## - PUBLICATION, DISTRIBUTION, ETC. (IMPRINT)
Place of publication, distribution, etc Grand Rapids, MI., :
Name of publisher, distributor, etc William B. Eerdmans Publishing Co.
Date of publication, distribution, etc 1987
300 ## - PHYSICAL DESCRIPTION
Extent 212 p. ;
Dimensions 18 cm.
650 ## - SUBJECT ADDED ENTRY--TOPICAL TERM
Topical term or geographic name as entry element Funeral Service
650 ## - SUBJECT ADDED ENTRY--TOPICAL TERM
Topical term or geographic name as entry element Occasional Services
942 ## - ADDED ENTRY ELEMENTS (KOHA)
Source of classification or shelving scheme
Koha item type Books
Copies
Shelving location Not for loan Source of classification or shelving scheme Barcode Koha item type Damaged status Full call number Copy number Withdrawn status Lost status Date last seen Price effective from Permanent Location Date acquired
General Stacks  6512Books BV 199 .M351  2010-04-142010-04-14RHEMA Bible Training College2010-04-14
General Stacks  16575Books BV 199 .M352  2010-04-142010-04-14RHEMA Bible Training College2010-04-14